Statistics for Only Fools and Horses Characters

Click here to take the quiz!

General Stats

  • This quiz has been taken 109 times
  • The average score is 13 of 15

Answer Stats

Character% Correct
Derek Trotter
100%
Grandad
99%
Rodney Trotter
99%
Uncle Albert
98%
Trigger
95%
Boycie
93%
Cassandra
92%
Raquel
91%
Marlene
85%
Mike
84%
Denzil
78%
Mickey Pearce
76%
Damien Trotter
68%
Sid
60%
Slater
49%

Score Distribution

Percentile by Number Answered

Percent of People with Each Score

Your Score History

You have not taken this quiz